000 02137cam a22004694i 4500
003 PE-LiUPU
005 20250731165359.0
008 150921s2008 pe grm 000 0 spa d
035 _a(Sirsi) a154508
040 _aPE-LiUPU
_bspa
_cPE-LiUPU
_erda
082 0 4 _a268.8678562
_bC81 3
099 _aTE 3
_bC81 2008
100 1 _aCotacallapa Calcina, Edgar Claudio
_eautor
245 1 3 _aEl Itinerario de la educación Adventista para la Comunidad Indigena, en el departamento de Puno /
_cEdgar Claudio Cotacallapa Calcina.
264 0 _c2008.
300 _a111 hojas
_c31 cm
336 _atext
_2rdacontent
337 _aunmediated
_2rdamedia
338 _avolume
_2rdacarrier
502 _aTesis
_b(Mg.) --
_cUniversidad Peruana Unión,
_d2008.
504 _aIncluye referencias
520 3 _aEl titulo de nuestro trabajo es "El itinerario de la educación adventista para la comunidad indígena, en el departamento de Puno", diseñado con los objetivos: 1. Construir, valido para nuestra investigación, un marco geográfico e histórico de Puno, el departamento donde se encuentran dos culturas indígenas. 2. Determinar los hitos culturales en el altiplano peruano, en el contexto de la educación cristiana adventista. 3. Determinar los hitos humanos en el proceso de la educación indígena en el altiplano peruano. 4. Determinar los aportes de la educación cristiana adventista del siglo XXI, en el contexto del altiplano peruano.
526 _aSEG44
526 _aSEG26
526 _aP151
526 _aP150
526 _aP149
526 _aP146
526 _aP145
526 _aP126
526 _aP125
526 _aP92
526 _aP75
526 _aP74
526 _aP27
526 _aP15
650 0 4 _aEducación Adventista
_zPuno (Perú)
_vTesis.
596 _a1
942 _2ddc
_cTESIS
999 _aTE 3 C81 2008
_wALPHANUM
_c7211
_iT01074
_lCCODEBUL3
_mBUL
_r1
_sY
_tTESIS
_u2015-9-21
_xPOSGRADO
_PP57
_o.STAFF. Tesis
_d7211
999 _aTE 3 C81 2008
_wALPHANUM
_c2
_iT01682
_d2018-7-2
_lCCODEBUL3
_mBUL
_q1
_r1
_sY
_tTESIS
_u2015-9-22
_xPOSGRADO
_PP57
_o.STAFF. Tesis
980 _81
_gALBERTO SANCHEZ Responsable de Automatización